000 00593nam a2200193 4500
001 86464
003 BD-RjUL
005 20260512125904.0
008 260512s1969 pk ||||| |||| 00| 0 urd d
035 _a(BD-RjUL)
040 _aBD-RjUL
_beng
_cBD-RjUL
041 _aurd
082 _223
_a512.8
100 _aیوسف، محمد ;;
_918446
245 _aڈیٹر میں اونٹوں اور مویشیوں کا نظریہ =Theory of determinants and matrics /
_cمحمد یوسف ;; Muhammad Yousuf
264 _aLahore :
_bmarkaj Urdu,
_c1969
300 _a437 ;
_c17 cm
942 _2ddc
_cBK
999 _c86464
_d86464